|
|
|
|
| LEADER |
00700nab a2200193 i 4500 |
| 001 |
misc48135 |
| 005 |
20211025161059.0 |
| 008 |
200408s2003 hu o 0|| hun d |
| 022 |
|
|
|a 1222-7994
|
| 040 |
|
|
|a SZTE Miscellanea Repozitórium
|b hun
|
| 041 |
|
|
|a hun
|
| 100 |
1 |
|
|a Demény Lajos
|
| 245 |
1 |
2 |
|a A szegedi történetírás újdonságai
|h [elektronikus dokumentum] /
|c Demény Lajos
|
| 260 |
|
|
|a K. n.
|b Bukarest
|c 2003-04-10
|
| 300 |
|
|
|a 9-10
|
| 490 |
0 |
|
|a A hét : társadalmi, politikai, művelődési hetilap
|v 33 No. 14
|
| 561 |
|
|
|a Kristó Gyula újságkivágatok
|
| 695 |
|
|
|a Történeti kutatások - Szeged, Kristó Gyula
|
| 856 |
4 |
0 |
|u http://misc.bibl.u-szeged.hu/48135/1/003.pdf
|z Dokumentum-elérés
|